10. výročie Koordinačného strediska

Bibliographic Details
Main Author: Gerža, Jozef (Author)
Format: Article
Language:Slovak
Subjects:

MARC

LEADER 00000nab a2200000 a 4500
001 vtls000137697
003 SK-MaSNL
005 20260304062038.0
008 250422c1982 xo 0 slo
015 |a SNBRB19rr/mm-uuuuu 
035 |a CL0147803 
035 |a urn:nbn:sk:snk-abao1x 
035 |a (urnnbn)urn:nbn:sk:snk:ar-a0a3b2 
035 |a (uuid)16f4eba0-d527-494f-a7dc-3a624a45bb30 
040 |a SNKBUCL  |b slo  |c SNKBUCL  |e AACR2 
041 0 |a slo 
044 |a xo  |c SK 
080 |a 662  |2 1981 
080 |a 621.89  |2 1981 
080 |a 665.6  |2 1981 
100 1 |a Gerža, Jozef  |4 aut  |9 6150 
245 1 0 |a 10. výročie Koordinačného strediska  |c Jozef Gerža 
650 0 7 |a palivá  |2 snkbucl  |9 20464 
650 0 7 |a oleje  |2 snkbucl  |9 23556 
655 7 |a články z novín a časopisov  |2 snkbucl  |9 267496 
773 0 |t Ropa a uhlie  |g Roč. 24, č. 10 (1982), s. 626-628 
850 |a Slovenská národná knižnica 
852 |a Slovenská národná knižnica 
958 |a article14 
958 |a OND 
958 |a RK 
958 |a PL 
958 |a EUIPO 
992 |a RBX 
999 |c 2736237  |d 2738167